[Event "Africa-ch"]
[Site "Lilongwe"]
[Date "2021.05.27"]
[Round "9"]
[White "Mwale, George"]
[Black "Talbi, Chafik"]
[Result "0-1"]
[WhiteElo "1982"]
[BlackElo "2244"]
[PlyCount "118"]
[EventDate "2021.05.18"]
[EventType "swiss"]
[EventRounds "9"]
[EventCountry "MWI"]
[SourceTitle "EXT 2022"]
[Source "ChessBase"]
[SourceDate "2021.10.06"]
[SourceVersion "1"]
[SourceVersionDate "2021.10.06"]
[SourceQuality "1"]

1. Nf3 c5 2. g3 Nc6 3. Bg2 e5 4. d3 g6 5. 0-0 Bg7 6. e4 Nge7 7. Be3 d6 8. Qd2 0-0 9. Bh6 Nd4 10. Bxg7 Kxg7 11. Nxd4 cxd4 12. Na3 Be6 13. c4 dxc3 14. bxc3 Qa5 15. Qb2 b5 16. f4 f6 17. f5 Bd7 18. fxg6 hxg6 19. d4 Rac8 20. Rf3 Bg4 21. Rd3 a6 22. Rf1 Rc6 23. h3 Be2 24. Qxe2 Qxa3 25. c4 Qb4 26. cxb5 Qxb5 27. dxe5 Qxe5 28. Ra3 Rfc8 29. Rf2 Rc1+ 30. Kh2 a5 31. Qd2 R8c3 32. Rxc3 Rxc3 33. Rf3 Rxf3 34. Bxf3 Nc6 35. Qd5 Qxd5 36. exd5 Nb4 37. a4 f5 38. Kg2 Kf6 39. Kf2 Ke5 40. Ke3 Nxd5+ 41. Kd3 Nb6 42. Bc6 g5 43. h4 g4 44. h5 Kf6 45. Kd4 Kg5 46. Be8 Kh6 47. Bf7 Nxa4 48. Be6 Kxh5 49. Bxf5 Kg5 50. Bb1 Nb6 51. Ba2 a4 52. Bb1 a3 53. Ba2 Na4 54. Kc4 Kf6 55. Kb4 Nc5 56. Kxa3 Ne4 57. Bd5 Ke5 58. Bb7 Nxg3 59. Kb3 Ne4 0-1

[Event "Olympiad-43"]
[Site "Batumi"]
[Date "2018.10.05"]
[Round "11.2"]
[White "Zulkipli, Zaidan"]
[Black "Mwale, George"]
[Result "1-0"]
[WhiteElo "2203"]
[BlackElo "2000"]
[PlyCount "121"]
[EventDate "2018.09.24"]
[EventType "team-swiss"]
[EventRounds "11"]
[EventCountry "GEO"]
[SourceTitle "CBM 187"]
[Source "ChessBase"]
[SourceDate "2018.12.11"]
[SourceVersion "1"]
[SourceVersionDate "2018.12.11"]
[SourceQuality "1"]
[WhiteTeam "Malaysia"]
[BlackTeam "Malawi"]
[WhiteTeamCountry "MAS"]
[BlackTeamCountry "MWI"]

1. d4 d5 2. c4 c6 3. cxd5 cxd5 4. Nc3 Nf6 5. Nf3 e6 6. Bf4 Bd6 7. Bg3 0-0 8. e3 Nc6 9. Bd3 a6 10. Rc1 Re8 11. Ne5 Bd7 12. Nxf7 Kxf7 13. Bxd6 Ne7 14. 0-0 Qb6 15. Bc5 Qd8 16. f4 Bc6 17. Qf3 g6 18. Qh3 h5 19. Bxe7 Qxe7 20. Qg3 Rg8 21. Rc2 Rg7 22. a3 Rh8 23. Qh4 Rd8 24. h3 Rd6 25. Rfc1 Ne8 26. Qxe7+ Kxe7 27. Nb1 Bd7 28. Nd2 g5 29. fxg5 Rxg5 30. Nf3 Rg7 31. Ne5 Rb6 32. Rf2 Rb3 33. Kh2 Nd6 34. g4 hxg4 35. hxg4 Nf7 36. Ng6+ Kd6 37. Rc3 Rxc3 38. bxc3 Ng5 39. Ne5 Be8 40. Rb2 b5 41. a4 bxa4 42. Rb6+ Kc7 43. Rxa6 Kb7 44. Ra5 Ne4 45. Bxe4 dxe4 46. Kg3 Rc7 47. c4 Kb6 48. Ra8 Re7 49. c5+ Kb5 50. Kf4 Kb4 51. c6 Kb3 52. Rb8+ Kc3 53. Rb7 Rxb7 54. cxb7 a3 55. b8Q a2 56. Qa7 Kb2 57. Qb6+ Kc1 58. Qc5+ Kb1 59. Qb4+ Kc2 60. Qa3 Kb1 61. Nc4 1-0